Dios y la naturaleza (Record no. 8175)
[ view plain ]
| 000 -CABECERA | |
|---|---|
| campo de control de longitud fija | 02281nam a2200301 a 4500 |
| 001 - NÚMERO DE CONTROL | |
| campo de control | BRCA_8509 |
| 003 - IDENTIFICADOR DEL NÚMERO DE CONTROL | |
| campo de control | FranzMayer |
| 005 - FECHA Y HORA DE LA ÚLTIMA TRANSACCIÓN | |
| campo de control | 20230724105821.0 |
| 008 - DATOS DE LONGITUD FIJA--INFORMACIÓN GENERAL | |
| campo de control de longitud fija | 300616s1780----sp-#######---#000-0#spa-# |
| 040 ## - FUENTE DE LA CATALOGACIÓN | |
| Centro catalogador/agencia de origen | MFM |
| Lengua de catalogación | ESP |
| Centro/agencia transcriptor | MFM |
| 041 ## - CÓDIGO DE LENGUA | |
| Código de lengua del texto/banda sonora o título independiente | spa |
| 044 ## - CÓDIGO DEL PAÍS DE LA ENTIDAD EDITORA/PRODUCTORA | |
| Código MARC del país | sp |
| 084 ## - OTRO NÚMERO DE CLASIFICACIÓN | |
| Número de clasificación | BE14 |
| Número de documento/Ítem | .C37 1780 |
| 100 1# - ENTRADA PRINCIPAL--NOMBRE DE PERSONA | |
| Nombre de persona | Castro, Juan Francisco de |
| 9 (RLIN) | 21340 |
| 245 10 - MENCIÓN DE TÍTULO | |
| Título | Dios y la naturaleza |
| Resto del título | compendio histórico, natural y político del universo, en que se demuestra a Dios |
| Mención de responsabilidad, etc. | por el Doctor Don Juan Francisco de Castro. |
| 260 ## - PUBLICACIÓN, DISTRIBUCIÓN, ETC. | |
| Lugar de publicación, distribución, etc. | Madrid |
| Nombre del editor, distribuidor, etc. | por D. Joachin Ibarra, Impresor de Cámara de S. M. |
| Fecha de publicación, distribución, etc. | 1780 |
| 300 ## - DESCRIPCIÓN FÍSICA | |
| Extensión | [6], 412 p. (t.6) |
| Dimensiones | 20.5 x 14.5 cm. |
| 500 ## - NOTA GENERAL | |
| Nota general | Incluye índice de las cosas más notables |
| 500 ## - NOTA GENERAL | |
| Nota general | En portada : Dios y la naturaleza. Compendio histórico, natural y político del universo, en que se demuestra a Dios en las portentosas maravillas de los naturales efectos y se refiere en sumario La Historia Natural y Civil, la Religión, Leyes y costumbres de las Naciones antiguas y modernas mas conocidas del Orbe |
| 500 ## - NOTA GENERAL | |
| Nota general | Estado físico : primeras y últimas hojas con manchas |
| 500 ## - NOTA GENERAL | |
| Nota general | Con marca de fuego : ´Procedencia de la marca: Convento de San Francisco Santa María del Pueblito de Querétaro. Institución: Orden de Frailes Menores. Provincia de San Pedro y San Pablo de Michoacán. Descripción: Monograma conformado por las iniciales ´P´, ´u´, ´E´ seguidas de ´b´, ´I´, ´T´ y ´o´ que se desata como Pueblito (2) dentro de un filete en forma de rombo. Observaciones: Krausse la incluye entre las marcas no identificadas. David Saavedra la identifica como del Convento Franciscano de Santa María del Pueblito, Villa Corregidora de Querétaro. Con el testimonio de pertenencia ubicado en este ejemplar se corrobora la atribución realizada por David Saavedra. Ubicación de la marca en el libro: Canto superior, inferior y lateral´ |
| 650 14 - PUNTO DE ACCESO ADICIONAL DE MATERIA--TÉRMINO DE MATERIA | |
| Término de materia o nombre geográfico como elemento de entrada | Apologética |
| Subdivisión cronológica | Obras anteriores a 1800 |
| 9 (RLIN) | 21341 |
| 650 14 - PUNTO DE ACCESO ADICIONAL DE MATERIA--TÉRMINO DE MATERIA | |
| Término de materia o nombre geográfico como elemento de entrada | Ateísmo |
| Subdivisión cronológica | Obras anteriores a 1800 |
| 9 (RLIN) | 21342 |
| 700 1# - PUNTO DE ACCESO ADICIONAL--NOMBRE DE PERSONA | |
| Nombre de persona | Ibarra, Joaquín |
| Fechas asociadas al nombre | 1725-1785 |
| Término indicativo de función/relación | Impresor |
| 9 (RLIN) | 21271 |
| 856 ## - LOCALIZACIÓN Y ACCESO ELECTRÓNICOS | |
| Nombre del host | http://www.marcasdefuego.buap.mx:8180/xmLibris/projects/firebrand/item.jsp?repository=marcas_de_fuego&key=marcas_de_fuego_franciscanas_20150618135223_2ccc.xml&num=0 |
| 902 ## - CATALOGADOR | |
| Iniciales | CFM |
| 942 ## - ELEMENTOS DE PUNTO DE ACCESO ADICIONAL (KOHA) | |
| Fuente del sistema de clasificación o colocación | Library of Congress Classification |
| Tipo de ítem Koha | Libros |
| Estado de retiro | Estado de pérdida | Fuente del sistema de clasificación o colocación | Estado dañado | No para préstamo | Código de colección | Localización permanente | Ubicación/localización actual | Fecha de adquisición | Fuente de adquisición | Total de préstamos | Signatura topográfica completa | Código de barras | Fecha visto por última vez | Precio válido a partir de | Tipo de ítem Koha |
|---|---|---|---|---|---|---|---|---|---|---|---|---|---|---|---|
| El ejemplar forma parte de la colección y puede ser consultado según las políticas vigentes. | Library of Congress Classification | Conventual Franz Mayer | Biblioteca del Museo Franz Mayer (Rogerio Casas-Alatriste) | Biblioteca del Museo Franz Mayer (Rogerio Casas-Alatriste) | 30/06/2016 | Donación | BE14 .C37 1780 | CFM00014 | 22/03/2019 | 22/03/2019 | Libros |